MARC보기
LDR00995cam 2200253 c 4500
001000000081032
00520030529174715
008030515s2001 ulka 000a kor
020 ▼a 8984980099 ▼g 03400
040 ▼a 247024 ▼d 248032
0491 ▼l EM00067447 ▼l EM00067448 ▼c 2 ▼l EM00067449 ▼c 3 ▼l EM00069289 ▼c 4
056 ▼a 420.99 ▼2 4
082 ▼a 530.092 ▼2 21
090 ▼a 420.99 ▼b 보24ㅇ
1001 ▼a 보더니스, 데이비드
24510 ▼a E=mc² / ▼d 데이비드 보더니스 지음, ▼e 김민희 옮김.
260 ▼a 서울 : ▼b 생각의 나무, ▼c 2001.
300 ▼a 397p: ▼b 삽도 ; ▼c 23cm.
504 ▼a 색인수록
653 ▼a E=mc² ▼a 아인슈타인 ▼a 에너지
7001 ▼a 김민희 ▼e 옮김
9500 ▼b \13000
007ta